000 00685nam a2200193Ia 4500
003 GCL
008 140319s9999 xx 000 0 ara d
040 _aGCL /
_cGCL
082 0 4 _a920.71
_bم ن
100 1 _aمحمد ابن محمد يحيى زيارة
245 1 0 _aنزهة النظرفى رجال القرن الرابع عشر: الجزء الاول /
_cمحمد ابن محمد يحيى زيارة
700 1 _aاحمد ابن محمد يحيى زيارة
260 _a[S.N] :
_bمركز الدراسات والابحاث اليمنية ،
_c1979
300 _a651 ص
490 _a
650 0 4 _aالتراجم
650 0 4 _aاليمن - تراجم
942 _2ddc
_cBK
999 _c43546
_d43546